Countries Within 10 Days from London in 1914 - Statistics

General Stats
  • This quiz has been taken 352 times
    344 since last reset
  • The average score is 22 of 29
Answer Stats
1914 Travel Time Country % Correct
5-10 Days United States
92%
Within 5 Days Egypt
90%
Within 5 Days Morocco
90%
5-10 Days Canada
89%
Within 5 Days Algeria
88%
Within 5 Days Turkey
88%
Within 5 Days Libya
87%
5-10 Days Saudi Arabia
84%
Within 5 Days Tunisia
84%
5-10 Days Israel
83%
5-10 Days Iran
82%
5-10 Days Lebanon
80%
5-10 Days Syria
79%
5-10 Days Russia
78%
5-10 Days Sudan
77%
5-10 Days Armenia
76%
5-10 Days Azerbaijan
76%
5-10 Days Jordan
75%
5-10 Days Georgia
74%
5-10 Days Mauritania
70%
5-10 Days Yemen
68%
5-10 Days Senegal
66%
5-10 Days Cyprus
63%
5-10 Days Eritrea
57%
5-10 Days Kazakhstan
57%
5-10 Days Bahamas
54%
5-10 Days Djibouti
53%
5-10 Days Cape Verde
47%
5-10 Days Turkmenistan
45%
No matching quizzes found
Score Distribution
Percent of People with Each Score
Percentile by Number Answered
Your Score History
You have not taken this quiz since the last reset